000 00796nam a22002057a 4500
005 20220628115816.0
007 ta
008 220627b2004 mx a|||f |||| 00| 0 spa d
020 _a978-607-7673-42-2
040 _cCHAP
082 _a336.0141097247
_bC96
100 _9185162
_aCuecuecha Mendoza, Alfredo
245 _aCenso de puntos de acceso al sistema financiero en el Estado de Tlaxcala.
_cpor Alfredo Cuecuecha Mendoza y Ramos Montalvo Vargas
260 _aTlaxcala, Mèxico :
_bEl Colegio de Tlaxcala ,
_bFOMIX ,
_bCONACYT.
_c2014
300 _a146 páginas :
_bmapas, tablas, gráficas.
650 0 _9185164
_aInstituciones financieras
_zMéxico, Tlaxcala (Edo.)
650 0 _9185165
_aFinanzas
_zMéxico, Tlaxcala (Edo.)
700 _9185163
_aMontalvo Vargas, Ramos
942 _2ddc
_cLIBRO
999 _c217299
_d217299